Every 100,000+ city in China: Guangdong - Statistics

General Stats
  • This quiz has been taken 2 times
  • The average score is 39 of 73
Answer Stats
Letter Population City % Correct
C 1,904,970 Chaozhou
100%
D 11,089,535 Dongguan
100%
F 9,518,994 Foshan
100%
G 76,246,080 Guangzhou (Pearl River Delta)
100%
H 1,553,257 Huizhou
100%
J 1,716,007 Jiangmen
100%
J 3,291,692 Jieyang
100%
M 1,416,050 Maoming
100%
M 1,108,006 Meizhou
100%
Q 1,310,525 Qingyuan
100%
S 13,721,090 Shantou
100%
S 479,153 Shanwei
100%
S 1,026,075 Shaoguan
100%
S 18,170,058 Shenzhen
100%
Y 1,307,900 Yangjiang
100%
Y 517,052 Yunfu
100%
Z 1,847,096 Zhanjiang
100%
Z 1,263,910 Zhaoqing
100%
Z 4,520,376 Zhongshan
100%
Z 2,490,426 Zhuhai
100%
D 101,491 Dabu
50%
D 104,092 Deqing
50%
D 289,011 Dianbai
50%
E 343,900 Enping
50%
F 107,570 Fengkai
50%
F 133,905 Fengshun
50%
G 372,428 Gaozhou
50%
G 311,803 Guangning
50%
H 327,898 Haifeng
50%
H 805,821 Heyuan
50%
H 370,115 Huaiji
50%
H 355,932 Huazhou
50%
H 162,723 Huidong
50%
J 102,415 Jiaoling
50%
J 132,096 Jilong
50%
K 505,127 Kaiping
50%
L 165,287 Lechang
50%
L 136,157 Leizhou
50%
L 379,025 Lianjiang
50%
L 225,132 Lianzhou
50%
L 215,135 Luoding
50%
P 103,107 Pingyuan
50%
P 1,057,131 Puning
50%
R 209,713 Raoping
50%
S 414,815 Suixi
50%
T 258,339 Taishan
50%
W 424,859 Wuchuan
50%
W 122,816 Wuhua
50%
X 102,864 Xinfeng
50%
X 139,024 Xingning
50%
X 158,061 Xinxing
50%
X 440,970 Xinyi
50%
X 115,088 Xuwen
50%
Y 220,601 Yangchun
50%
Y 126,039 Yangshan
50%
Y 206,413 Yangxi
50%
Y 112,890 Yingde
50%
Y 144,810 Yunan
50%
A 619,511 Anbu
0%
B 385,120 Boluo
0%
H 196,850 Heshan
0%
H 243,095 Huilai
0%
H 822,305 Huiyang
0%
J 110,674 Jieshi
0%
J 173,015 Jiexi
0%
L 108,239 Longchuan
0%
L 190,055 Lufeng
0%
L 118,902 Luhe
0%
L 124,993 Luoyang
0%
Q 147,606 Qujiang
0%
S 109,701 Shijiao
0%
S 246,189 Sihui
0%
Z 130,062 Zijin
0%
No matching quizzes found
Score Distribution
Percent of People with Each Score
Percentile by Number Answered
Your Score History
You have not taken this quiz